000 00488cam a2200193ua 4500
001 11691
008 191019n ii |||gr||||Z||||||eng
020 _a9780195685107
040 _cMAIN
041 _aeng
082 _a301.0954
100 _aVeena Das,
_eEditor.
245 _aHandbook of indian sociology
_cEd by Veena Das
250 _a1st ed pap.
260 _aNew Delhi:
_bOxford university press,
_c2006.
300 _a502p.
653 _aSociology & anthropology
942 _cBK
999 _c10496
_d10496